000 00587nam a2200241Ia 4500
003 OSt
005 20221005123950.0
006 a|||||r|||| 00| 0
007 ta
008 221004b |||||||| |||| 00| 0 guj d
024 _a40639
037 _cTextual
040 _aCRL
_cCRL
_bguj
041 _2guj
_aguj
082 _aO156:gxM87, J8
100 _aPathak R.V.
_9227025
245 0 _aManovihar
260 _c1958
300 _a250p.
_ccm.
650 _aGUJRATI LITERATURE
942 _hO156:gxM87, J8
_cTEXL
_2cc
999 _c1049071
_d1049071